| 000 | 00432nam a2200181Ia 4500 | ||
|---|---|---|---|
| 001 | 22854 | ||
| 005 | 20260414150858.0 | ||
| 008 | 260414t2016||||xx |||||||||||||| ||spa|| | ||
| 041 | _aESP | ||
| 082 |
_a624.15136 _bD27 |
||
| 100 |
_aDas, Braja M. _eAUT |
||
| 245 | 0 |
_aSoil mechanics : _blaboratory manual |
|
| 260 | _c2016 | ||
| 300 |
_aix, 341 páginas : _c28 cm. |
||
| 650 | _a0 | ||
| 654 | _aCIC | ||
| 942 |
_cLIB _dJUS _fJUS _2ddc _n |
||
| 999 |
_c22854 _d22854 |
||